000 00498nam a2200181Ia 4500
005 20250326144058.0
008 250326s9999 xx 000 0 und d
037 _aTextbook
040 _aFMSL
_beng
_cFMSL
041 _aeng
_2eng
084 _aX:8H L4
_qFMSL
100 _aFoulke R A
245 0 _aPractical ficial statement analysis
_cFoulke R A
260 _aNew Delhi
_bNew Delhi, Tata McGraw-Hill
_c1974
300 _a714p
942 _cTB
_hX:8H L4
999 _c1302267
_d1302267